000 nam a22 7a 4500
999 _c7915
_d7915
008 171109b xxu||||| |||| 00| 0 eng d
100 _94379
_aSHARMA.M.K
245 _aSUPER 20 BUSINESS STUDES -12
260 _aNEW DELHI
_bFULL MARKS
_c2017